000 00765nam a2200253 cc4500
001 000030544
003 RuMoIPM
005 20260513112734.0
008 230922b1965 ru ||||| |||| 00| 0 rus d
035 _a(RuMoBEN) 002160390
040 _aRuMoBEN
_brus
_ercr
041 _arus
044 _aru
080 _a510(075.8)
080 _a517.5(07)
080 _a517.9(07)
245 _aТ. 1
_cВ. И. Смирнов
250 _a21-е изд., испр.
260 _aМосква
_bНаука
_c1965
300 _a479 с.
504 _aАлф. указ.: с. 475
773 _aСмирнов, Владимир Иванович
_tКурс высшей математики: [Учебная литература для вузов]
_w000018741
942 _cBK
999 _c30544
_d30544